Quizzes
Events
Quiz Creation
Community
Videos
Private Events
Remove Ads
Sign In
Join for FREE
Feedback
Dark Mode
Quiz Categories
Sports
Geography
Music
Movies
Television
Just For Fun
Miscellaneous
History
Literature
Language
Science
Gaming
Entertainment
Religion
Holiday
For Kids
Quiz Lab
Recent
Popular Today
Quiz Kudos Today
Editor Picks
Curator Picks
Quizzes by...
Day
Popularity
Type
Ratings
Length
Year
Community
Subscriptions
Recent Discussions
Orange Saloon
Badges
Playlists
Quests
Create
Leaderboards
Showdown
Live 5
Trivia Bingo
Activity
Puzzle Library
Sporcle Events
Private Events
Virtual Trivia
Globe League
Become a Host
Pub Owners
SporcleCon
Opinionation
Our Games
Videos
Blog
Mobile Apps
Partnerships
Remove Ads and Go Orange
Feedback
Just For Fun
Clickable
Get the Picture
Humor
Quick Pick
Word Ladder
Missing Word
Mixed Word
Blitz
Minefield
This or That
Alphabet
Color
Typing
Sporcle
Puzzle
Word Play
Follow That Line
Logic
Just For Fun
Clickable
Get the Picture
Humor
Quick Pick
Word Ladder
Missing Word
Mixed Word
Blitz
Minefield
This or That
Alphabet
Color
Typing
Sporcle
Puzzle
Word Play
Follow That Line
Logic
Random Quiz
Search Sporcle
×
Quiz Lab
Quiz Lab
Just For Fun
Clickable
Select answers by clicking on text or image buttons
Select answers by clicking on text or image buttons
Clickable
Best Score? Go Orange.
Breeds of Horses Stats
Can you pick the Breeds of Horses?
By
tsm0010
10m
12 Questions
374 Plays
374 Plays
374 Plays
Comments
Comments
Give Quiz Kudos
Give Quiz Kudos
-
- Ratings
hide this ad
Forced Order
Answers have to be entered in order
Answers have to be entered in order
Random Order
Randomize order of answers
Randomize order of answers
Replay
Link that replays current quiz
Next Quiz
Link to next quiz in quiz playlist
You Got
0%
They Got
Avg Score
40%
Avg Friend Score
Upgrade to see
Score Distribution
Jump to the score distribution portion of the page
Score
0/12
Timer
10:00
0
Plays Today
% Correct
Palomino
77%
Appaloosa
72.2%
American Quarter Horse
51.3%
Tennessee Walking Horse
39.8%
Thoroughbred
38.5%
Arabian
38.2%
Tobiano
36.1%
Paint
35%
Morgan
34.8%
Overo
25.1%
American Saddlebred
24.1%
Standardbred
15.2%
Quiz Playlist
Details
Report
Send in Message
Add To Playlist
Clickable:
Select answers by clicking on text or image buttons
Forced Order:
Answers have to be entered in order
Random Order:
Randomize order of answers
Last Updated: Feb 16, 2017
Quiz Scoreboard
CHALLENGE
Sign Up to Join the Scoreboard
Show All
Scores
Hide
Comments
May contain spoilers
Recently Published
An Introduction to Baseball
by treessimontrees
Sports
5m
Movies - When Are They Set?
by FPL_Elf
Movies
5m
Popular People in 1961
by mucciniale
History
6m
More to Explore
Quiz From the Vault
Featured Blog Post
Where Did the Easter Bunny Come From?
hide this ad
You Might Also Like...
Tags
Clickable Quiz
Breed
horse
Today's Top Quizzes in Just For Fun
Browse Just For Fun
hide this ad
Today's Top Quizzes in Clickable
Browse Clickable
Top Contributed Quizzes in Just For Fun
1
Crossword Whiteout! 49
2
Harry Potter Logic - 'In Chains' II
3
Killer Double Trees 224 - Colour Match-Up
4
Survivor Winners Logic Puzzle
5
Zeroing In: Just For Fun
6
Word Ladder: Ahoy Matey
7
Thermometer Puzzle 25
8
Aquarium Logic Puzzle 17
9
Edinburgh Fringe jokes 2015
10
Big Thermometer Puzzle 21
Explore More
Trending Topics
Marvel
Anime
NBA
Kpop
Crossword
Harry Potter
Disney
Soccer
Song
The Office
WWE
Pokémon
Country
Puzzle
NFL
hide this ad
More By:
tsm0010
Quiz
Plays
Rating
Category
Featured
Created
Breeds of Horses
374
2.00
Just For Fun
Apr 24, 2012
Breeds of Sheep
181
Just For Fun
Apr 24, 2012
Breeds of Dairy Cattle
138
Just For Fun
Apr 24, 2012
Breeds of Swine
131
Just For Fun
Apr 24, 2012
Breeds of Beef Cattle
125
Just For Fun
Apr 24, 2012
Go to Creator's Profile
Score Distribution
Quiz Creator Spotlight
tsm0010
Follow
Send a Message
Quizzes Created
-
Created Quiz Play Count
-
More By This Creator
Popular Quizzes Today
1
Find the Countries of Europe - No Outlines Minefield
2
Find the US States - No Outlines Minefield
3
The Countries of the World
4
Popular People in 1961
5
US States
6
Find the US States
7
1-10 Letter E Words III
8
Risky Map Clicking: Biggest States A-Z
More Just For Fun Quizzes
Missing Word: IMDb Top 250 Films II
Published
Trending Quizzes
Risky Map Clicking: Least Populous States A-Z
1-10 Letter F Words
1-10 Letter G Words
One Thing in Common: United Kingdom
Risky Map Clicking: Next State Alphabetically
Recently Updated
Leaping Animals
pecheneg
Reality TV Shows (A-Z)
bhenderson79
Rickey Henderson's Hall of Fame Teammates
pecheneg
Champions League XIs: Arsenal
pecheneg
Quick Pick: Celebrities in WWE's Hall of Fame
aduchscher
A-Z Keypad Blitz II
pecheneg
Multiple Oscar Actors
pecheneg
Mystery Phrase Blitz: Oscar 'Best Actors'
pecheneg
F. Scott Fitzgerald Novels
LTH
Pick 3 Villains
ddd62291
Trending Topics
Harry Potter
Anime
Kpop
Disney
NBA
Marvel
Crossword
NFL
Country
WWE
The Office
Song
Pokémon
Soccer
Puzzle
Your Account Isn't Verified!
In order to create a playlist on Sporcle, you need to verify the email address you used during registration. Go to your
Sporcle Settings
to finish the process.
Report this User
Report this user for behavior that violates our
Community Guidelines
.
Details:
Send Report
Go to the Sporcle.com Mobile Site →
Comments